ნორმალური ფორმატი
MARC ფორმატი
ჩანაწერი Personal Name
ჩანაწერთა რაოდენობა, რომელიც გამოყენებულია: 1
001 - CONTROL NUMBER
- control field: 919
003 - CONTROL NUMBER IDENTIFIER
- control field: GE_BSU
005 - DATE AND TIME OF LATEST TRANSACTION
- control field: 20190508120211.0
008 - FIXED-LENGTH DATA ELEMENTS
- fixed length control field: 190508|| aca||aabn | a|a d
040 ## - CATALOGING SOURCE
- Original cataloging agency: GE_BSU
- Transcribing agency: GE_BSU
100 ## - HEADING--PERSONAL NAME
- Personal name: ნადარეიშვილი, გიორგი
- Relator term: რედაქტორი
670 ## - SOURCE DATA FOUND
- Source citation: Work cat.: (GE_BSU)36276: კალანდია, აპოლონ 918, ქართული სამართლის ისტორიის საკითხები ანტიკურ-ადრებიზანტიური ხანის წერილობითი წყაროების მიხედვით = Вопросы истории грузинского права по письменным источникам антично-ранневизантийского периода /
